00791nam a2200241 a 4500001001000000005001700010008004100027041000800068044000700076050002100083100003000104245010400134260003400238300002400272500000800296650002900304650002800333700004200361902000800403942001100411999001500422952011200437BRCA_652320190320205505.0280911s1882----gw-a######---#000-0#ger-# ager agw 4aPT883b.E84 18821 aEulenspiegel, Till91627910aDas VolksbuchcTill Eulenspiegel; nach der ältesten Ausgabe von 1519 Einleitung von Karl Pannier. aLeipzigbPhilipp Reclamc1882 a196 p.bil.c14 cm. aL6114aLiteratura Alemana9616014aCuentos alemanes9102731 aPannier, Karleintroducción.916280 aGFM 2lcccB c6207d6207 00104070aBRCAbBRCAd2011-09-28iL61l0oPT883 .E84 1882 (L61)p6970r2019-03-22 00:00:00w2019-03-22yB